书目信息 |
| 题名: |
汽车性能剖析及典型新能源汽车技术研究
|
|
| 作者: | 刘海朝 著 | |
| 分册: | ||
| 出版信息: | 北京 中国水利水电出版社 2017.6 |
|
| 页数: | 286页 | |
| 开本: | 24cm | |
| 丛书名: | ||
| 单 册: | ||
| 中图分类: | U461 , U469.7 | |
| 科图分类: | ||
| 主题词: | 汽车--qi che--性能分析 , 新能源--xin neng yuan--汽车--研究 | |
| 电子资源: | ||
| ISBN: | 978-7-5170-5602-7 | |
| 000 | 00990nam0 2200277 45 | |
| 001 | 012001000560 | |
| 005 | 20131106114717.0 | |
| 010 | @a978-7-5170-5602-7@dCNY64.00 | |
| 099 | @aCAL 012018075368 | |
| 100 | @a20180621d2018 em y0chiy50 ea | |
| 101 | 0 | @achi |
| 102 | @aCN@b110000 | |
| 105 | @aa a 000yy | |
| 106 | @ar | |
| 200 | 1 | @a汽车性能剖析及典型新能源汽车技术研究@Aqi che xing neng pou xi ji dian xing xin neng yuan qi che ji shu yan jiu@f刘海朝著 |
| 210 | @a北京@c中国水利水电出版社@d2017.6 | |
| 215 | @a286页@c图@d24cm | |
| 320 | @a有书目 (第284-286页) | |
| 330 | @a本书首先从总体上对汽车的性能进行了剖析,然后探讨了几种典型的新能源汽车技术。本书主要对汽车动力性能、燃油经济性能、制动性能、操纵稳定性能等进行了分析。 | |
| 606 | 0 | @a汽车@Aqi che@x性能分析 |
| 606 | 0 | @a新能源@Axin neng yuan@x汽车@x研究 |
| 690 | @aU461@v5 | |
| 690 | @aU469.7@v5 | |
| 701 | 0 | @a刘海朝@Aliu hai chao@4著 |
| 801 | 0 | @aCN@b北京卓展文化@c20191020 |
| 905 | @b1196377-9@dU461@e841@f3 | |
| 汽车性能剖析及典型新能源汽车技术研究/刘海朝著.-北京:中国水利水电出版社,2017.6 |
| 286页:图;24cm |
| ISBN 978-7-5170-5602-7:CNY64.00 |
| 本书首先从总体上对汽车的性能进行了剖析,然后探讨了几种典型的新能源汽车技术。本书主要对汽车动力性能、燃油经济性能、制动性能、操纵稳定性能等进行了分析。 |
| ● |
| 相关链接 |
|
|
|
|
正题名:汽车性能剖析及典型新能源汽车技术研究
索取号:U461/841
 
预约/预借
| 序号 | 登录号 | 条形码 | 馆藏地/架位号 | 状态 | 备注 |
| 1 | 1196377 | 211963776 | 第二样本阅览室/ [索取号:U461/841] | 在馆 | |
| 2 | 1196378 | 211963785 | 第三借阅区/ [索取号:U461/841] | 在馆 | |
| 3 | 1196379 | 211963794 | 第三借阅区/ [索取号:U461/841] | 在馆 |